すかいらーく 市区町村別店舗数TOP100 - Statistics

General Stats
  • This quiz has been taken 85 times
  • The average score is 97 of 114
Answer Stats
都道府県 店舗数 市区町村 % Correct
大阪府 40 大阪市
100%
神奈川県 162 横浜市
98%
愛知県 51 名古屋市
98%
埼玉県 48 さいたま市
98%
千葉県 40 千葉市
98%
福岡県 34 北九州市
98%
北海道 25 札幌市
98%
東京都 19 新宿区
98%
神奈川県 35 相模原市
96%
千葉県 25 船橋市
96%
東京都 25 江戸川区
96%
新潟県 25 新潟市
96%
福岡県 24 福岡市
96%
東京都 23 八王子市
96%
兵庫県 22 神戸市
96%
宮城県 18 仙台市
96%
神奈川県 60 川崎市
95%
静岡県 19 静岡市
95%
静岡県 13 浜松市
95%
群馬県 9 前橋市
95%
東京都 9 渋谷区
95%
東京都 22 世田谷区
93%
栃木県 15 宇都宮市
93%
広島県 15 広島市
93%
埼玉県 14 所沢市
93%
岡山県 14 岡山市
93%
長野県 12 長野市
93%
富山県 11 富山市
93%
兵庫県 11 姫路市
93%
徳島県 7 徳島市
93%
東京都 24 大田区
91%
東京都 19 豊島区
91%
千葉県 13 柏市
91%
群馬県 12 高崎市
91%
香川県 11 高松市
91%
奈良県 7 奈良市
91%
長崎県 7 長崎市
91%
埼玉県 21 川口市
89%
東京都 21 町田市
89%
京都府 20 京都市
89%
神奈川県 19 藤沢市
89%
神奈川県 16 小田原市
89%
千葉県 15 市川市
89%
東京都 14 品川区
89%
大阪府 13 堺市
89%
茨城県 12 水戸市
89%
東京都 11 北区
89%
山梨県 11 甲府市
89%
東京都 9 台東区
89%
大分県 9 大分市
89%
福井県 7 福井市
89%
東京都 24 練馬区
88%
東京都 21 足立区
88%
千葉県 20 松戸市
88%
神奈川県 15 横須賀市
88%
埼玉県 13 越谷市
88%
東京都 11 港区
88%
東京都 9 千代田区
88%
鹿児島県 9 鹿児島市
88%
秋田県 8 秋田市
88%
岐阜県 8 岐阜市
88%
岩手県 7 盛岡市
88%
東京都 19 杉並区
86%
東京都 15 江東区
86%
東京都 14 立川市
86%
東京都 13 葛飾区
86%
神奈川県 13 平塚市
86%
東京都 11 中央区
86%
石川県 7 金沢市
86%
長野県 7 松本市
86%
埼玉県 13 川越市
84%
東京都 9 中野区
84%
熊本県 8 熊本市
84%
埼玉県 7 熊谷市
84%
東京都 15 調布市
82%
神奈川県 14 厚木市
82%
神奈川県 10 茅ヶ崎市
82%
神奈川県 10 海老名市
82%
東京都 9 墨田区
82%
群馬県 7 伊勢崎市
82%
東京都 10 武蔵野市
81%
東京都 10 三鷹市
81%
埼玉県 7 春日部市
81%
千葉県 7 成田市
81%
愛知県 7 岡崎市
81%
神奈川県 15 大和市
79%
静岡県 9 沼津市
79%
大阪府 8 東大阪市
79%
兵庫県 7 西宮市
79%
東京都 19 板橋区
77%
千葉県 10 市原市
77%
東京都 9 府中市
77%
千葉県 8 木更津市
77%
千葉県 8 習志野市
77%
愛知県 8 一宮市
77%
群馬県 7 太田市
77%
大阪府 7 吹田市
77%
大阪府 7 豊中市
74%
千葉県 7 浦安市
70%
東京都 7 多摩市
70%
埼玉県 9 草加市
68%
大阪府 7 茨木市
68%
千葉県 11 流山市
67%
東京都 10 小平市
67%
兵庫県 9 伊丹市
65%
愛知県 8 春日井市
65%
埼玉県 7 三郷市
65%
東京都 7 日野市
65%
東京都 7 東久留米市
61%
埼玉県 8 久喜市
60%
埼玉県 11 新座市
58%
埼玉県 9 入間市
58%
神奈川県 8 秦野市
58%
千葉県 7 八千代市
54%
No matching quizzes found
Score Distribution
Percent of People with Each Score
Percentile by Number Answered
Your Score History
You have not taken this quiz